| 000 -LEADER |
| fixed length control field |
01696cam a22003614a 4500 |
| 001 - CONTROL NUMBER |
| control field |
11913468 |
| 003 - CONTROL NUMBER IDENTIFIER |
| control field |
NUST-PNEC |
| 005 - DATE AND TIME OF LATEST TRANSACTION |
| control field |
20170116180659.0 |
| 008 - FIXED-LENGTH DATA ELEMENTS--GENERAL INFORMATION |
| fixed length control field |
000215s2000 njua b 001 0 eng |
| 010 ## - LIBRARY OF CONGRESS CONTROL NUMBER |
| LC control number |
00024567 |
| 020 ## - INTERNATIONAL STANDARD BOOK NUMBER |
| International Standard Book Number |
0896035719 |
| 040 ## - CATALOGING SOURCE |
| Original cataloging agency |
DLC |
| Transcribing agency |
PNEC |
| Modifying agency |
DLC |
| 042 ## - AUTHENTICATION CODE |
| Authentication code |
pcc |
| 050 00 - LIBRARY OF CONGRESS CALL NUMBER |
| Classification number |
QP519.9.S85 |
| Item number |
S87 2000 |
| 082 00 - DEWEY DECIMAL CLASSIFICATION NUMBER |
| Classification number |
572.360 WIL |
| 100 ## - MAIN ENTRY--PERSONAL NAME |
| 9 (RLIN) |
249 |
| Personal name |
Williams, John R. |
| 245 00 - TITLE STATEMENT |
| Title |
Supercritical fluid methods and protocols |
| Statement of responsibility, etc. |
edited by John R. Williams and Anthony A. Clifford. |
| 260 ## - PUBLICATION, DISTRIBUTION, ETC. |
| Place of publication, distribution, etc. |
Totowa, N.J. : |
| Name of publisher, distributor, etc. |
Humana Press, |
| Date of publication, distribution, etc. |
2000. |
| 300 ## - PHYSICAL DESCRIPTION |
| Extent |
xiv, 256 p. : |
| Other physical details |
ill. (some col.) ; |
| Dimensions |
24 cm. |
| 440 #0 - SERIES STATEMENT/ADDED ENTRY--TITLE |
| Title |
Methods in biotechnology ; |
| Volume/sequential designation |
13 |
| 500 ## - GENERAL NOTE |
| General note |
Includes Index http://www.amazon.com/Supercritical-Fluid-Methods-Protocols-Biotechnology/dp/0896035719/ref=sr_1_1?s=books&ie=UTF8&qid=1410002446&sr=1-1&keywords=0896035719 |
| 504 ## - BIBLIOGRAPHY, ETC. NOTE |
| Bibliography, etc. note |
Includes bibliographical references and index. |
| 650 #0 - SUBJECT ADDED ENTRY--TOPICAL TERM |
| Topical term or geographic name entry element |
Supercritical fluid extraction |
| Form subdivision |
Laboratory manuals. |
| General subdivision |
ME |
| 650 #0 - SUBJECT ADDED ENTRY--TOPICAL TERM |
| Topical term or geographic name entry element |
Supercritical fluid chromatography |
| Form subdivision |
Laboratory manuals. |
| 650 #0 - SUBJECT ADDED ENTRY--TOPICAL TERM |
| Topical term or geographic name entry element |
Biomolecules |
| General subdivision |
Separation |
| Form subdivision |
Laboratory manuals. |
| 700 1# - ADDED ENTRY--PERSONAL NAME |
| Personal name |
Williams, John R., |
| Dates associated with a name |
1967- |
| 700 1# - ADDED ENTRY--PERSONAL NAME |
| Personal name |
Clifford, Tony |
| Fuller form of name |
(Anthony) |
| 856 42 - ELECTRONIC LOCATION AND ACCESS |
| Materials specified |
Publisher description |
| Uniform Resource Identifier |
<a href="http://www.loc.gov/catdir/enhancements/fy0825/00024567-d.html">http://www.loc.gov/catdir/enhancements/fy0825/00024567-d.html</a> |
| 856 41 - ELECTRONIC LOCATION AND ACCESS |
| Materials specified |
Table of contents only |
| Uniform Resource Identifier |
<a href="http://www.loc.gov/catdir/enhancements/fy0825/00024567-t.html">http://www.loc.gov/catdir/enhancements/fy0825/00024567-t.html</a> |
| 906 ## - LOCAL DATA ELEMENT F, LDF (RLIN) |
| a |
7 |
| b |
cbc |
| c |
orignew |
| d |
1 |
| e |
ocip |
| f |
20 |
| g |
y-gencatlg |
| 942 ## - ADDED ENTRY ELEMENTS (KOHA) |
| Source of classification or shelving scheme |
|
| Koha item type |
Book |